| 000 | 00846nam a2200265Ia 4500 | ||
|---|---|---|---|
| 001 | dia_2374 | ||
| 003 | CHAP | ||
| 005 | 20251023164002.0 | ||
| 008 | 220117s1990 xx 000 0 und d | ||
| 010 | _a172896 | ||
| 040 | _cCHAP | ||
| 082 | _a658.3 K6Y | ||
| 100 |
_aKopelman, Richard E. _9152706 |
||
| 245 |
_aAdministración de la Productividad en las Organizaciones; Perspectiva Práctica Orientada Hacia las Personas / _c por Richard E. Kopelman |
||
| 260 |
_aMéxico : _b Mcgraw-Hill, _c1990 |
||
| 300 | _a362 p. | ||
| 500 | _aC/e | ||
| 503 | _aTraducido de Managin Productivity in Organizations | ||
| 650 |
_a1.Administración/ _9146957 |
||
| 650 |
_aPersonal, administración de _9152707 |
||
| 901 | _a658.3 K6Y | ||
| 902 | _aM | ||
| 905 | _a0000001990 MEXX 0000000000ESP00 | ||
| 942 |
_cLIBRO _2ddc |
||
| 999 |
_c172896 _d172896 |
||